Loading...
| Current Events | 1 | 30.00 | 100% | 100% | 100% |
| Fine Arts - Classical Music | 6 | 10.00 | 83% | 17% | 0% |
| Fine Arts - Other Fine Arts | 11 | 10.91 | 82% | 27% | 0% |
| Fine Arts - Painting and Sculpture | 6 | 13.33 | 100% | 33% | 0% |
| Geography | 3 | 16.67 | 100% | 67% | 0% |
| History - American History | 3 | 23.33 | 100% | 100% | 33% |
| History - European History | 4 | 17.50 | 100% | 75% | 0% |
| History - Other History | 8 | 15.00 | 100% | 50% | 0% |
| History - World History | 4 | 17.50 | 100% | 50% | 25% |
| Literature - American Literature | 6 | 15.00 | 100% | 50% | 0% |
| Literature - British Literature | 11 | 17.27 | 100% | 64% | 9% |
| Literature - European Literature | 7 | 8.57 | 86% | 0% | 0% |
| Literature - World Literature | 6 | 18.33 | 100% | 83% | 0% |
| Mythology | 7 | 17.14 | 100% | 57% | 14% |
| Other Academic | 1 | 20.00 | 100% | 100% | 0% |
| Philosophy | 8 | 18.75 | 100% | 75% | 13% |
| Pop Culture | 2 | 20.00 | 100% | 50% | 50% |
| Religion | 4 | 17.50 | 75% | 100% | 0% |
| Science - Biology | 8 | 13.75 | 88% | 38% | 13% |
| Science - Chemistry | 6 | 13.33 | 83% | 50% | 0% |
| Science - Other Science | 6 | 20.00 | 100% | 83% | 17% |
| Science - Physics | 3 | 10.00 | 67% | 33% | 0% |
| Social Science | 7 | 20.00 | 100% | 100% | 0% |